Jnana-Yoga / (Record no. 193806)
[ view plain ]
| 000 -LEADER | |
|---|---|
| fixed length control field | 00758nam a22002051 4500 |
| 005 - DATE AND TIME OF LATEST TRANSACTION | |
| control field | 20230508110219.0 |
| 008 - FIXED-LENGTH DATA ELEMENTS--GENERAL INFORMATION | |
| fixed length control field | |
| 010 ## - LCCN (DPL NO) | |
| LC control number | B-747488-492 E.N.A./7.11.22 |
| 020 ## - INTERNATIONAL STANDARD BOOK NUMBER | |
| International Standard Book Number | 9789394888043 |
| Terms of availability | 995.00 |
| 035 ## - SYSTEM CONTROL NUMBER | |
| System control number | B-747488-492 |
| 037 ## - SOURCE OF ACQUISITION | |
| Source of stock number/acquisition | KHB Publishing House |
| 082 ## - DEWEY DECIMAL CLASSIFICATION NUMBER | |
| Classification number | 181.46 |
| 100 ## - MAIN ENTRY--PERSONAL NAME | |
| Personal name | Vivekananda |
| 245 ## - TITLE STATEMENT | |
| Title | Jnana-Yoga / |
| Statement of responsibility, etc | by Swami Vivekananda |
| 260 ## - PUBLICATION, DISTRIBUTION, ETC. (IMPRINT) | |
| Place of publication, distribution, etc | Delhi |
| Name of publisher, distributor, etc | Sonam Enterprises |
| Date of publication, distribution, etc | 2022 |
| 270 ## - ADDRESS | |
| Address | B-15-15, Gali No. 10, Jagatpuri Extn. |
| City | Delhi |
| Postal code | 110 093 |
| 300 ## - PHYSICAL DESCRIPTION | |
| Extent | 278 p. |
| Dimensions | 22cm. (Hbk) |
| 942 ## - ADDED ENTRY ELEMENTS (KOHA) | |
| Item type | English Books |
| Call number suffix | VIV |
| Source of classification or shelving scheme | Dewey Decimal Classification |
| Classification part | 181.46 |
| Withdrawn status | Lost status | Source of classification or shelving scheme | Damaged status | Not for loan | Collection code | Home library | Current library | Date acquired | Source of acquisition | Cost, normal purchase price | Total Checkouts | Full call number | Barcode | Date last seen | Copy number | Cost, replacement price | Koha item type | Total Renewals |
|---|---|---|---|---|---|---|---|---|---|---|---|---|---|---|---|---|---|---|
| Dewey Decimal Classification | Non-fiction | Ashok Vihar | Ashok Vihar | 08/05/2023 | KHB Pub House/27/30.11.22/172/23.11.22/13.12.22 | 995.00 | 181.46 VIV | B-747489 | 08/05/2023 | 1 | 995.00 | English Books | ||||||
| Dewey Decimal Classification | Non-fiction | Bawana | Bawana | 08/05/2023 | KHB Pub House/27/30.11.22/172/23.11.22/13.12.22 | 995.00 | 181.46 VIV | B-747491 | 08/05/2023 | 1 | 995.00 | English Books | ||||||
| Dewey Decimal Classification | Non-fiction | Central Library | Central Library | 08/05/2023 | KHB Pub House/27/30.11.22/172/23.11.22/13.12.22 | 995.00 | 2 | 181.46 VIV | B-747488 | 18/03/2024 | 1 | 995.00 | English Books | |||||
| Dewey Decimal Classification | Non-fiction | Patel Nagar | Patel Nagar | 08/05/2023 | KHB Pub House/27/30.11.22/172/23.11.22/13.12.22 | 995.00 | 1 | 181.46 VIV | B-747490 | 28/08/2023 | 1 | 995.00 | English Books | 1 | ||||
| Dewey Decimal Classification | Non-fiction | Shahdara Branch | Shahdara Branch | 08/05/2023 | KHB Pub House/27/30.11.22/172/23.11.22/13.12.22 | 995.00 | 1 | 181.46 VIV | B-747492 | 09/08/2023 | 1 | 995.00 | English Books |
